| 000 | 00809nam a2200277Ia 4500 | ||
|---|---|---|---|
| 001 | Para_5129 | ||
| 003 | CHAP | ||
| 008 | 220125s1938 xx 000 0 und d | ||
| 010 | _a203498 | ||
| 040 | _cCHAP | ||
| 090 | _aPA FOLLETO 2470 | ||
| 100 |
_aBrooks, A. N _915567 |
||
| 245 |
_aStrawberry diseases and insects / _c by A. N. Brooks and J. R. Watson |
||
| 260 |
_aGainesville, Florida : _b Agricultural Extension Service |
||
| 300 | _a30 p. | ||
| 440 |
_aFlorida Agri. Ext. Ser. Bull.; 98 _9169318 |
||
| 650 |
_aFresa _x Enfermedades Fresa _x Plagas _9168799 |
||
| 700 |
_aWatson, J. R. _9121203 |
||
| 901 | _aPA FOLLETO 2470 | ||
| 902 | _aA | ||
| 905 | _a0000001938 GAI 0000000000 00 | ||
| 910 | _a1938 | ||
| 942 | _cPARA | ||
| 942 |
_cPARA _d1 |
||
| 999 |
_c203498 _d203498 |
||